|
|
|
|
| LEADER |
00000nas a22000007i 4500 |
| 001 |
ssj0001793590 |
| 003 |
WaSeSS |
| 005 |
20200512172242.0 |
| 006 |
m d |
| 007 |
cr n |
| 008 |
151112c20169999mnumr p s 0 a0eng |
| 010 |
|
|
|a 2015203872
|
| 022 |
|
|
|a 2469-3995
|y 2469-3987
|
| 035 |
|
|
|a (WaSeSS)ssj0001793590
|
| 037 |
|
|
|b 131 West First Street, Duluth, MN 55802
|c $60.00
|
| 040 |
|
|
|a DLC
|b eng
|c DLC
|d DLC
|d VT2
|d OCLCF
|d WaSeSS
|
| 042 |
|
|
|a pcc
|a nsdp
|
| 082 |
1 |
0 |
|a 636
|2 23
|
| 222 |
|
0 |
|a Vetted
|b (Online)
|
| 245 |
0 |
0 |
|a Vetted
|h [electronic resource].
|
| 260 |
|
|
|a Duluth, MN :
|b UBM Life Sciences,
|c 2016-
|
| 310 |
|
|
|a Monthly
|
| 362 |
1 |
|
|a Began with: Volume 111, number 1 (January 2016).
|
| 506 |
|
|
|a License restrictions may limit access.
|
| 588 |
|
|
|a Description based on: Volume 111, number 1 (January 2016); title from cover image (dvm360.com, viewed Nov. 20, 2015).
|
| 588 |
|
|
|a Latest issue consulted: Volume 111, number 2 (February 2016) (viewed Feb. 23, 2016).
|
| 655 |
|
0 |
|a Electronic journals.
|
| 776 |
0 |
8 |
|i Print version:
|t Vetted
|x 2469-3987
|w (DLC) 2015203871
|w (OCoLC)928932024
|
| 780 |
0 |
0 |
|t Veterinary medicine
|x 1939-1919
|w (DLC) 2007213254
|w (OCoLC)60616963
|
| 856 |
4 |
0 |
|z Full text available from Research Library: 01/01/2016 to present
|u https://search.proquest.com/publication/2043343
|